Shakespeare: A midsummer nights dream (Transfered to SOA) (Record no. 243521)

000 -LEADER
fixed length control field 00217 a2200097 4500
001 - CONTROL NUMBER
control field 8448
090 ## - LOCALLY ASSIGNED LC-TYPE CALL NUMBER (OCLC); LOCAL CALL NUMBER (RLIN)
-- 6815
-- 6815
100 ## - MAIN ENTRY--PERSONAL NAME
Personal name Watt, A F
245 ## - TITLE STATEMENT
Title Shakespeare: A midsummer nights dream (Transfered to SOA)
260 ## - PUBLICATION, DISTRIBUTION, ETC.
Name of publisher, distributor, etc. U T P
942 ## - ADDED ENTRY ELEMENTS (KOHA)
Institution code [OBSOLETE] NUST-CAE
Holdings
Withdrawn status Lost status Damaged status Not for loan Collection code Permanent Location Current Location Date acquired Total Checkouts Barcode Date last seen Price effective from Koha item type
          College of Aeronautical Engineering (CAE) College of Aeronautical Engineering (CAE) 04/03/2017   CAE8609 04/05/2017 04/05/2017 Book
© 2023 Central Library, National University of Sciences and Technology. All Rights Reserved.